banner-ar

الكشف والفتح فى الميدان العلمى / (Record no. 66738)

MARC details
000 -الفاتح
حقل البيانات ثابتة الطول 00915nam a2200229Ia 4500
005 - وقت وتاريخ اخر تعامل مع التسجيلة
رقم الضبط 20240530110936.0
008 - عناصر البيانات ثابتة الطول - معلومات عامة
حقل البيانات ثابتة الطول 140319s1956 xx 000 0 ara d
040 ## - مصدر الفهرسة
وكالة الفهرسة الأصلية GCL /
وكالة النسخ GCL
082 04 - رقم تصنيف ديوى العشرى
رقم التصنيف 508.3 /
رقم المادة ب ك
100 1# - المدخل الرئيسى - إسم شخصى
الإسم الشخصى بير ، مالكولم
245 10 - بيان العنوان
العنوان الكشف والفتح فى الميدان العلمى /
بيان المسئوليه,etc تاليف بير ، مالكولم ؛ مترجم احمد حماد الحسينى ؛ مراجع عبدالحليم منتصر
260 ## - PUBLICATION, DISTRIBUTION, ETC. (IMPRINT)
تاريخ النشر أو التوزيع 1956
300 ## - الوصف المادى
التعداد 198 ص ؛
تفاصيل ماديه اخرى للوعاء 20 سم
490 ## - بيان السلسلة
عنوان السلسلة الالف كتاب
رقم المجلد/ التعيين التسلسلي ( 70 )
650 04 - المدخل الاضافى بالموضوع-مصطلح موضوعى
مصطلح موضوعي افريقيا
650 04 - المدخل الاضافى بالموضوع-مصطلح موضوعى
مصطلح موضوعي اسيا
650 04 - المدخل الاضافى بالموضوع-مصطلح موضوعى
مصطلح موضوعي المطاط
700 1# - المدخل الاضافى - اسم شخصى
الإسم الشخصى احمد حماد الحسينى
الدور مترجم
700 1# - المدخل الاضافى - اسم شخصى
الإسم الشخصى عبدالحليم منتصر
الدور مراجع
942 ## - عناصر المدخل الإضافي( كوها)
مصدر التصنيف او مخطط الترفيف Dewey Decimal Classification
Koha [default] item type كتاب
260 ## - PUBLICATION, DISTRIBUTION, ETC. (IMPRINT)
-- القاهرة :
-- نهضة مصر للطباعة والنشر والتوزيع،
Holdings
حالة التراجع حالة الفقد حالة تلف ليس للاعارة المكان المؤقت الموقع الحالى موقع الترفيف تاريخ الاكتساب اجمالي اﻻعارات رقم الطلب الباركود تاريخ اخر مشاهدة تاريخ تفعيل السعر نوع وعاء كوها
        مكتبة القاهرة الكبرى مكتبة القاهرة الكبرى ق الرئيسية_العلوم البحتة_ك عربى 10/13/2022   508.3 / ب ك 168570 10/13/2022 10/13/2022 كتاب

Powered By

EGPV